[Event "NW Regional Scholastic Championships"]
[Site "Chess.com"]
[Date "2020.05.16"]
[Round "?"]
[White "noahish"]
[Black "tattvache"]
[Result "0-1"]
[WhiteElo "1000"]
[BlackElo "989"]
[PlyCount "52"]
[EventDate "2020.??.??"]

1. e4 e5 2. Bb5 Nf6 3. d4 Nxe4 4. Nf3 exd4 5. Bc4 Bb4+ 6. Bd2 Bxd2+ 7. Nbxd2
Nxd2 8. Nxd2 Qe7+ 9. Be2 O-O 10. Nf3 Qb4+ 11. c3 dxc3 12. Rb1 c2+ 13. Qd2 Qxd2+
14. Nxd2 cxb1=Q+ 15. Nxb1 Nc6 16. O-O Nd4 17. Bc4 b5 18. Be2 Nxe2+ 19. Kh1 Re8
20. Re1 Ng3+ 21. hxg3 Rxe1+ 22. Kh2 Rxb1 23. b3 Ba6 24. a4 Re8 25. axb5 Re6 26.
bxa6 Rh6# 0-1

[Event "NW Regional Scholastic Championships"]
[Site "Chess.com"]
[Date "2020.05.16"]
[Round "?"]
[White "Kaysangodman"]
[Black "noahish"]
[Result "1-0"]
[WhiteElo "1200"]
[BlackElo "1000"]
[PlyCount "35"]
[EventDate "2020.??.??"]

1. e4 Nf6 2. Nc3 e5 3. Nf3 Bc5 4. Bc4 Ng4 5. d4 Qh4 6. Nxh4 Bb6 7. Qxg4 O-O 8.
Nf5 g6 9. Ne7+ Kg7 10. Nf5+ Kg8 11. dxe5 Re8 12. Bh6 Rxe5 13. O-O-O Bxf2 14.
Rd5 Rxd5 15. Bxd5 c6 16. Ne7+ Kh8 17. Qf4 Na6 18. Qf6# 1-0

[Event "NW Regional Scholastic Championships"]
[Site "Chess.com"]
[Date "2020.05.16"]
[Round "?"]
[White "ImportantBranch"]
[Black "prithiv2013"]
[Result "1-0"]
[WhiteElo "1200"]
[BlackElo "1217"]
[PlyCount "115"]
[EventDate "2020.??.??"]

1. e4 c5 2. Nf3 d6 3. Bc4 e6 4. Nc3 Nf6 5. O-O Be7 6. e5 dxe5 7. Nxe5 O-O 8.
Nf3 b6 9. d4 cxd4 10. Nxd4 Bb7 11. Be2 Nc6 12. Nxc6 Bxc6 13. Bd3 Rc8 14. Qe2
Qc7 15. Bb5 Bxb5 16. Qxb5 Rfd8 17. Be3 Ng4 18. g3 Nf6 19. Qe2 Bb4 20. Bd2 Nd5
21. Nxd5 Rxd5 22. Bxb4 a5 23. Bc3 Rcd8 24. Qg4 g6 25. Rfd1 Rxd1+ 26. Rxd1 Rxd1+
27. Qxd1 b5 28. Qd2 b4 29. Bd4 Qd6 30. Bc3 Qxd2 31. Bxd2 Kg7 32. c3 bxc3 33.
Bxc3+ Kf8 34. Bxa5 Ke7 35. Kg2 Kd6 36. Kf3 Kc5 37. Kf4 h6 38. Ke5 Kb5 39. Bd2
Kc6 40. Bxh6 Kd7 41. Kf6 Ke8 42. a4 Kd7 43. a5 Kc7 44. Kxf7 Kb7 45. Kxe6 Ka6
46. Kf6 Kxa5 47. Kxg6 Kb6 48. f4 Kc7 49. f5 Kd7 50. f6 Ke8 51. f7+ Kd7 52. f8=Q
Kc6 53. Qf5 Kb6 54. Qd5 Ka7 55. Qb5 Ka8 56. Qd7 Kb8 57. Be3 Ka8 58. Qa7# 1-0

[Event "NW Regional Scholastic Championships"]
[Site "Chess.com"]
[Date "2020.05.16"]
[Round "?"]
[White "prithiv2013"]
[Black "MxC2031"]
[Result "0-1"]
[WhiteElo "1217"]
[BlackElo "1311"]
[PlyCount "148"]
[EventDate "2020.??.??"]

1. e4 e5 2. Nf3 Nf6 3. Nxe5 d6 4. Nf3 Nxe4 5. Qe2 Qe7 6. d3 Nf6 7. Nc3 Qxe2+ 8.
Bxe2 Be7 9. O-O O-O 10. Be3 Nc6 11. Rfe1 Nb4 12. Rec1 Be6 13. a3 Nc6 14. Re1 d5
15. Rad1 a5 16. Nb5 Bd6 17. Nxd6 cxd6 18. Bg5 Ng4 19. h3 Nge5 20. d4 Nd7 21.
Bd3 Rfe8 22. Rd2 h6 23. Be3 a4 24. Rde2 Nb6 25. Bd2 Kf8 26. c3 Re7 27. Bc2 Nc4
28. b4 axb3 29. Bxb3 Rxa3 30. Bc2 Nxd2 31. Nxd2 Rxc3 32. Bh7 Nxd4 33. Re3 Rxe3
34. Rxe3 g6 35. Re1 Kg7 36. Bxg6 fxg6 37. Nf1 Rf7 38. Ng3 b5 39. f3 Bxh3 40.
Re3 Bf5 41. Kf2 b4 42. Re1 b3 43. Nxf5+ Nxf5 44. Rb1 Rb7 45. g4 Ne7 46. Ke3 Nc6
47. Kf2 d4 48. Ke2 Ne5 49. Kf2 d3 50. Ke3 d5 51. Rb2 d4+ 52. Kxd4 d2 53. Rb1 b2
54. Ke3 d1=Q 55. Rxd1 b1=Q 56. Rxb1 Rxb1 57. Kf4 Kf6 58. Kg3 h5 59. Kf4 g5+ 60.
Kg3 h4+ 61. Kh2 Nxf3+ 62. Kg2 h3+ 63. Kxf3 h2 64. Kg2 h1=Q+ 65. Kg3 Qe4 66. Kf2
Qxg4 67. Ke3 Qf5 68. Kd4 Rh1 69. Ke3 Rh8 70. Kd4 Qe6 71. Kd3 Rd8+ 72. Kc3 Qc6+
73. Kb4 Rb8+ 74. Ka5 Qa8# 0-1

[Event "NW Regional Scholastic Championships"]
[Site "Chess.com"]
[Date "2020.05.16"]
[Round "?"]
[White "advaitwahi"]
[Black "prithiv2013"]
[Result "1-0"]
[WhiteElo "1200"]
[BlackElo "1217"]
[PlyCount "51"]
[EventDate "2020.??.??"]

1. Nf3 d5 2. e3 Nc6 3. d4 Nf6 4. c4 dxc4 5. Bxc4 Bf5 6. d5 Nb4 7. Qa4+ Bd7 8.
Qxb4 Rb8 9. Qb3 Bf5 10. Bb5+ Bd7 11. Bxd7+ Qxd7 12. Nc3 e6 13. Ne5 Qd6 14. Nc6
Rc8 15. Qxb7 Qd7 16. Ne5 Qd8 17. Qc6+ Nd7 18. Nxf7 Qe7 19. dxe6 Rg8 20. Nd5
Qxf7 21. exf7+ Kxf7 22. Qxd7+ Be7 23. Qxe7+ Kg6 24. Nf4+ Kf5 25. Qe6+ Kg5 26.
h4# 1-0

[Event "NW Regional Scholastic Championships"]
[Site "Chess.com"]
[Date "2020.05.16"]
[Round "?"]
[White "prithiv2013"]
[Black "R_Jaeger"]
[Result "1-0"]
[WhiteElo "1217"]
[BlackElo "1200"]
[PlyCount "71"]
[EventDate "2020.??.??"]

1. e4 e5 2. Nf3 Nc6 3. Bc4 Bc5 4. O-O Nf6 5. Nc3 Nh5 6. d3 Nf4 7. Be3 Qf6 8.
Bxc5 Qg6 9. g3 Nh3+ 10. Kh1 d6 11. Be3 h5 12. Qd2 h4 13. Rg1 hxg3 14. Rxg3 Qh6
15. Bxh6 Rxh6 16. Rxg7 Kf8 17. Qxh6 Na5 18. Rg3+ Ke7 19. Rxh3 Bxh3 20. Qxh3 Rg8
21. Rg1 Rf8 22. Bb5 c6 23. Ba4 b5 24. Bb3 c5 25. Nxb5 a6 26. Nc3 Nc6 27. Bd5
Na5 28. Rg7 Ke8 29. Qh7 c4 30. Rxf7 Rxf7 31. Qxf7+ Kd8 32. dxc4 Kc8 33. b4 Nb7
34. Qxb7+ Kd8 35. Bc6 d5 36. Qd7# 1-0

[Event "NW Regional Scholastic Championships"]
[Site "Chess.com"]
[Date "2020.05.16"]
[Round "?"]
[White "exoticmagnet1"]
[Black "prithiv2013"]
[Result "0-1"]
[WhiteElo "731"]
[BlackElo "1217"]
[PlyCount "68"]
[EventDate "2020.??.??"]

1. e4 c5 2. Nf3 d6 3. Bc4 e6 4. Bb3 Nf6 5. Nc3 Be7 6. d3 O-O 7. O-O b6 8. d4
cxd4 9. Nxd4 Bb7 10. Re1 e5 11. Nf3 Qc7 12. Bg5 Nc6 13. Nd5 Nxd5 14. Bxd5 Bxg5
15. Nxg5 h6 16. Nf3 Rfe8 17. Bxc6 Bxc6 18. c4 Rac8 19. b3 Bb7 20. Rc1 Qc5 21.
Rc2 Red8 22. h3 Rd7 23. Kh1 Rdc7 24. Kh2 Kh7 25. Kg3 b5 26. cxb5 Qxc2 27. Qxc2
Rxc2 28. Re3 Rxa2 29. Nh4 Rcc2 30. Rf3 Bxe4 31. Rxf7 Bd5 32. Rf8 Bxb3 33. f3 g5
34. Nf5 Rxg2# 0-1

[Event "NW Regional Scholastic Championships"]
[Site "Chess.com"]
[Date "2020.05.16"]
[Round "?"]
[White "OnlyDancingFace"]
[Black "dkuo2"]
[Result "0-1"]
[WhiteElo "1200"]
[BlackElo "816"]
[PlyCount "102"]
[EventDate "2020.??.??"]

1. e4 e5 2. Nf3 Nc6 3. Nc3 Nf6 4. Bb5 Bc5 5. h3 d6 6. Bxc6+ bxc6 7. O-O O-O 8.
d3 Be6 9. Ng5 Qe7 10. Nxe6 Qxe6 11. Bg5 h6 12. Bxf6 Qxf6 13. Qg4 Rab8 14. b3
Bd4 15. Ne2 Bxa1 16. Ng3 Bd4 17. Nh5 Qg6 18. Qh4 Qg5 19. Qxg5 hxg5 20. Re1 g6
21. Nf6+ Kg7 22. Nd7 Rbd8 23. Nxf8 Rxf8 24. Rc1 Re8 25. c3 Bc5 26. b4 Bb6 27.
a3 c5 28. b5 Rc8 29. c4 c6 30. bxc6 Rxc6 31. Re1 Rc7 32. Re3 f6 33. Rg3 Ba5 34.
Rg4 Rc8 35. h4 gxh4 36. Rxh4 Rh8 37. Rg4 Rh5 38. Rg3 Rg5 39. Re3 Bc3 40. Re2
Rg4 41. Rc2 Bd4 42. Kh2 Rf4 43. f3 Rh4+ 44. Kg3 Rh5 45. Rc1 Bb2 46. Rb1 Bxa3
47. Rb7+ Kh6 48. Rxa7 Bb4 49. Rd7 Be1+ 50. Kg4 f5+ 51. exf5 gxf5# 0-1

[Event "NW Regional Scholastic Championships"]
[Site "Chess.com"]
[Date "2020.05.16"]
[Round "?"]
[White "supersam777"]
[Black "OnlyDancingFace"]
[Result "1-0"]
[WhiteElo "1374"]
[BlackElo "1200"]
[PlyCount "91"]
[EventDate "2020.??.??"]

1. e4 e5 2. Nf3 Nc6 3. Bc4 h6 4. Nc3 Nf6 5. d3 Bb4 6. Bd2 Bxc3 7. Bxc3 d5 8.
exd5 Nxd5 9. Bxd5 Qxd5 10. Qe2 f6 11. O-O Bg4 12. h3 Bxf3 13. Qxf3 Qxf3 14.
gxf3 O-O-O 15. Rad1 Rhe8 16. Rfe1 g6 17. Bd2 Nd4 18. Kg2 Nxc2 19. Rg1 Nd4 20.
Bxh6 Ne2 21. Rge1 Nf4+ 22. Bxf4 exf4 23. Rxe8 Rxe8 24. d4 b5 25. b4 g5 26. a3
a6 27. Kf1 Kb7 28. d5 c6 29. d6 Re5 30. d7 Rd5 31. Rxd5 cxd5 32. d8=Q Kc6 33.
Qxf6+ Kd7 34. Qxg5 d4 35. Qxf4 d3 36. Qd4+ Kc7 37. Qxd3 Kb6 38. Qd5 Kc7 39. Qe6
Kb7 40. h4 a5 41. h5 axb4 42. axb4 Kc7 43. h6 Kb7 44. h7 Ka8 45. Qe7 Kb8 46.
h8=Q# 1-0

[Event "NW Regional Scholastic Championships"]
[Site "Chess.com"]
[Date "2020.05.16"]
[Round "?"]
[White "OnlyDancingFace"]
[Black "thedarknist"]
[Result "0-1"]
[WhiteElo "1200"]
[BlackElo "800"]
[PlyCount "70"]
[EventDate "2020.??.??"]

1. e4 e5 2. Nf3 Nc6 3. Nc3 Nf6 4. h3 Bc5 5. Be2 d6 6. Bb5 a6 7. Bxc6+ bxc6 8.
d4 exd4 9. Nxd4 Bxd4 10. Qxd4 c5 11. Qd1 O-O 12. Qf3 Be6 13. Qg3 Re8 14. Bh6 g6
15. Bg5 Rb8 16. b3 d5 17. exd5 Bxd5+ 18. Kd1 Bxg2+ 19. Kc1 Bxh1 20. Qf4 Re1+
21. Kb2 Rxa1 22. Kxa1 Rb6 23. Bxf6 Rxf6 24. Qh6 Rxf2 25. Ne4 Qd4+ 26. Kb1 Bxe4
27. Qh4 Bxc2+ 28. Kc1 Qxh4 29. Kb2 Qxh3 30. Ka3 Bxb3 31. axb3 Qc3 32. Ka4 Rf4+
33. Ka3 Rb4 34. Ka2 Qxb3+ 35. Ka1 Qb1# 0-1

[Event "NW Regional Scholastic Championships"]
[Site "Chess.com"]
[Date "2020.05.16"]
[Round "?"]
[White "noahish"]
[Black "OnlyDancingFace"]
[Result "0-1"]
[WhiteElo "1000"]
[BlackElo "1200"]
[PlyCount "128"]
[EventDate "2020.??.??"]

1. Nf3 e6 2. e4 Nf6 3. Nc3 Bb4 4. d4 Bxc3+ 5. Bd2 Bxb2 6. Rb1 Ba3 7. Ne5 Nxe4
8. Qf3 Nd6 9. Rb3 f6 10. Rxa3 fxe5 11. dxe5 Nf5 12. Bd3 Nd4 13. Qf4 g5 14. Qxd4
Nc6 15. Qe3 Rf8 16. Be4 Nxe5 17. Qg3 Nc4 18. Bxg5 Qxg5 19. Qxg5 Nxa3 20. O-O
Nc4 21. Rd1 c6 22. Qc5 Nb2 23. Rd6 Na4 24. Qh5+ Kd8 25. Qxh7 Nc5 26. Bg6 b6 27.
h3 Ba6 28. Qxd7+ Nxd7 29. Be4 Bb5 30. Bxc6 Bxc6 31. Rxc6 Ne5 32. Rd6+ Nd7 33.
Rxe6 Rc8 34. g4 Rxc2 35. f4 Rxf4 36. g5 a5 37. g6 Rf8 38. g7 Rc1+ 39. Kg2 Rg8
40. Rg6 Ne5 41. Rg5 Rc2+ 42. Kg3 Rc3+ 43. Kf4 Nf7 44. Rg6 Ra3 45. h4 Rxa2 46.
h5 Rh2 47. Kg4 Ne5+ 48. Kg5 Nxg6 49. Kxg6 Ke8 50. h6 a4 51. h7 Rxh7 52. Kxh7
Rxg7+ 53. Kxg7 a3 54. Kf6 b5 55. Ke5 a2 56. Kd5 a1=Q 57. Ke4 Qa4+ 58. Ke3 b4
59. Ke4 b3+ 60. Ke3 b2 61. Kd3 b1=Q+ 62. Ke3 Qae4+ 63. Kf2 Qee1+ 64. Kf3 Qbe4#
0-1

[Event "NW Regional Scholastic Championships"]
[Site "Chess.com"]
[Date "2020.05.16"]
[Round "?"]
[White "noahish"]
[Black "OnlyDancingFace"]
[Result "0-1"]
[WhiteElo "1000"]
[BlackElo "1200"]
[PlyCount "80"]
[EventDate "2020.??.??"]

1. e4 e5 2. Bb5 Nf6 3. Nf3 Nc6 4. Nc3 d6 5. d3 a6 6. Bg5 axb5 7. Bxf6 Qxf6 8.
Nxb5 Ne7 9. Nxc7+ Kd8 10. Nxa8 Bg4 11. h3 Bxf3 12. gxf3 Qg5 13. a3 Qg2 14. Ke2
Ng6 15. Rg1 Nf4+ 16. Kd2 Qxf2+ 17. Kc1 Ne2+ 18. Qxe2 Qxe2 19. Rd1 Qxf3 20. a4
Qe3+ 21. Rd2 Qa7 22. Ra3 Qxa8 23. Rc3 Qxa4 24. Ra3 Qd4 25. c3 Qg1+ 26. Rd1 Qe3+
27. Rd2 d5 28. exd5 Bxa3 29. bxa3 Qe1+ 30. Rd1 Qxc3+ 31. Kb1 Qxa3 32. Rc1 Qxd3+
33. Kb2 Ke7 34. Rc7+ Kd6 35. Rc3 Qxd5 36. h4 b5 37. Rb3 Rc8 38. Ka3 Qc5+ 39.
Rb4 Qc3+ 40. Rb3 Ra8# 0-1

[Event "NW Regional Scholastic Championships"]
[Site "Chess.com"]
[Date "2020.05.16"]
[Round "?"]
[White "AlexaBattleAngel"]
[Black "huck_son"]
[Result "1-0"]
[WhiteElo "1146"]
[BlackElo "907"]
[PlyCount "101"]
[EventDate "2020.??.??"]

1. Nf3 e5 2. d4 e4 3. Nfd2 Qh4 4. g3 Qg4 5. Bg2 e3 6. fxe3 Qf5 7. Nf3 Nh6 8.
O-O Qh5 9. Nc3 b6 10. Ne5 f6 11. Bxa8 fxe5 12. dxe5 Ng4 13. h4 g5 14. Bf3 gxh4
15. Bxg4 Qxg4 16. Qd5 Kd8 17. Qg2 h3 18. Qh2 Bc5 19. Rf4 Qe6 20. Kf1 d6 21.
exd6 cxd6 22. Ne4 d5 23. Nxc5 bxc5 24. Kf2 Qe7 25. g4 Qh4+ 26. Kf3 Bb7 27. g5
d4+ 28. e4 Qh5+ 29. Kf2 Qxg5 30. Qxh3 Qe7 31. Qh4 Qxh4+ 32. Rxh4 Rf8+ 33. Kg3
Rg8+ 34. Kf2 Rf8+ 35. Rf4 Rg8 36. Kf3 Nd7 37. Bd2 Ne5+ 38. Kf2 Ng4+ 39. Ke1 h5
40. Ba5+ Kd7 41. Rf7+ Ke6 42. Rxb7 h4 43. Rh7 Ke5 44. Rxh4 Kxe4 45. Kd2 Rc8 46.
Rxg4+ Kf5 47. Rag1 c4 48. Rxd4 c3+ 49. Bxc3 Ke5 50. Rd8+ Ke4 51. Rxc8 1-0

[Event "NW Regional Scholastic Championships"]
[Site "Chess.com"]
[Date "2020.05.16"]
[Round "?"]
[White "huck_son"]
[Black "gautham2010"]
[Result "0-1"]
[WhiteElo "907"]
[BlackElo "1000"]
[PlyCount "96"]
[EventDate "2020.??.??"]

1. e4 e5 2. Bc4 Nf6 3. g4 Nc6 4. g5 Nxe4 5. Qf3 Nd6 6. Bd5 Qxg5 7. Nc3 Be7 8.
d3 Qf6 9. Qxf6 Bxf6 10. Ne4 Nxe4 11. Bxe4 Nd4 12. Kd1 c6 13. Be3 d5 14. Bxd4
dxe4 15. Bc5 exd3 16. cxd3 Bf5 17. Kc2 e4 18. dxe4 Bxe4+ 19. Kb3 Bd5+ 20. Ka3
Bxh1 21. Re1+ Kd8 22. Ne2 Bf3 23. Ng1 Bd5 24. Rd1 b6 25. Be3 Kc7 26. Bf4+ Kb7
27. Ne2 Be7+ 28. b4 Bf3 29. Rd2 a5 30. Kb3 Bd5+ 31. Kc3 Bxb4+ 32. Kc2 Bxd2 33.
Kxd2 Bxa2 34. Ke1 b5 35. Nc3 Rhe8+ 36. Kd1 Bb3+ 37. Kd2 Rad8+ 38. Kc1 Re1+ 39.
Kb2 Rd4 40. Be3 Rb4 41. Ka3 Ra1+ 42. Kb2 Rh1 43. Bc1 Ba4+ 44. Ka2 Rxc1 45. Nb1
Rcxb1 46. f4 R4b2+ 47. Ka3 b4+ 48. Kxa4 Ra1# 0-1

[Event "NW Regional Scholastic Championships"]
[Site "Chess.com"]
[Date "2020.05.16"]
[Round "?"]
[White "huck_son"]
[Black "supersam777"]
[Result "0-1"]
[WhiteElo "907"]
[BlackElo "1374"]
[PlyCount "70"]
[EventDate "2020.??.??"]

1. e4 e5 2. Bc4 Bc5 3. Nf3 Nc6 4. Ng5 Qxg5 5. d4 Qxg2 6. Rf1 Bxd4 7. Qh5 Qg6 8.
Qf3 Nf6 9. Nd2 Nb4 10. Qb3 Nc6 11. Nf3 O-O 12. Nxd4 Nxd4 13. Qc3 Qxe4+ 14. Be3
Nf3+ 15. Ke2 Nxh2 16. Bd3 Qg4+ 17. Kd2 Nxf1+ 18. Rxf1 d6 19. f3 Qe6 20. Rh1 c5
21. Bc4 Qe7 22. Qd3 Be6 23. Bxe6 Qxe6 24. Bg5 h6 25. Bxf6 Qxf6 26. Qe4 Qg5+ 27.
Kc3 Qg6 28. Qxb7 Rfb8 29. Qd5 Qg2 30. Rd1 Rd8 31. Qe4 Qg6 32. Qd5 Qe6 33. Qe4
d5 34. Qe3 d4+ 35. Qxd4 cxd4+ 0-1

[Event "NW Regional Scholastic Championships"]
[Site "Chess.com"]
[Date "2020.05.16"]
[Round "?"]
[White "cdview"]
[Black "kingcat99"]
[Result "1/2-1/2"]
[WhiteElo "1000"]
[BlackElo "1200"]
[PlyCount "61"]
[EventDate "2020.??.??"]

1. e4 e5 2. Nf3 Nc6 3. Nc3 Nf6 4. d3 Bc5 5. Be2 O-O 6. O-O d5 7. Bg5 dxe4 8.
dxe4 Qxd1 9. Raxd1 Be7 10. h3 Rd8 11. Rxd8+ Bxd8 12. Bb5 Bd7 13. Rd1 Be6 14.
Bxc6 bxc6 15. a3 h6 16. Bxf6 Bxf6 17. Ne2 Rb8 18. Rb1 Ba2 19. Ra1 Rxb2 20. Rd1
Rxc2 21. Ng3 Bb3 22. Nh5 Rxf2 23. Rd3 Bc4 24. Rc3 Rf1+ 25. Kh2 Be2 26. Nxf6+
gxf6 27. Kg3 Bxf3 28. gxf3 Rg1+ 29. Kf2 Rh1 30. Rxc6 Rxh3 31. Rxf6 1/2-1/2

[Event "NW Regional Scholastic Championships"]
[Site "Chess.com"]
[Date "2020.05.16"]
[Round "?"]
[White "portland_potter"]
[Black "cdview"]
[Result "1-0"]
[WhiteElo "1274"]
[BlackElo "1000"]
[PlyCount "45"]
[EventDate "2020.??.??"]

1. e4 e5 2. Nf3 Nc6 3. Bb5 Nf6 4. O-O Nxe4 5. d4 d6 6. d5 a6 7. Bd3 Bf5 8. dxc6
bxc6 9. Nbd2 d5 10. Re1 Qf6 11. Nxe4 Qg6 12. Nxe5 Qe6 13. Nc5 Qd6 14. Nc4+ Qe5
15. Rxe5+ Kd8 16. Nb7+ Kc8 17. Bxf5+ Kxb7 18. Na5+ Kb6 19. Be3+ Kxa5 20. Qe1+
Kb5 21. Bd3+ Ka4 22. b3+ Ka3 23. Bc1# 1-0

[Event "NW Regional Scholastic Championships"]
[Site "Chess.com"]
[Date "2020.05.16"]
[Round "?"]
[White "R_Jaeger"]
[Black "cdview"]
[Result "0-1"]
[WhiteElo "1200"]
[BlackElo "1000"]
[PlyCount "108"]
[EventDate "2020.??.??"]

1. e4 e5 2. Bc4 Nf6 3. Nf3 Nxe4 4. Nxe5 Nc6 5. Qf3 Nf6 6. Nxf7 Ne5 7. Qf4 Qe7
8. Nxh8 d5 9. Bb3 c5 10. Ba4+ Bd7 11. Bb3 c4 12. c3 cxb3 13. axb3 Qf7 14. Nxf7
Nxf7 15. Qb4 Bxb4 16. cxb4 Rc8 17. Ke2 Bg4+ 18. f3 Bf5 19. Na3 Ne5 20. Nb5 Bd3+
21. Kd1 Bxb5 22. Re1 Nfd7 23. f4 Kf7 24. fxe5 Ke6 25. d4 Nf8 26. Ra5 Bd3 27.
Re3 Bg6 28. b5 Bh5+ 29. Ke1 b6 30. Rxa7 Rxc1+ 31. Kd2 Rd1+ 32. Kc2 Rh1 33. Rb7
Rxh2 34. Rxb6+ Ke7 35. Kb1 Rxg2 36. Rc3 Rg1+ 37. Ka2 Ng6 38. Rc7+ Kd8 39. Rb8+
Kxc7 40. Rg8 Ne7 41. Ra8 Kb6 42. Rb8+ Ka5 43. Ra8+ Kb6 44. Ka3 Kxb5 45. Rb8+
Kc6 46. Kb4 Kd7 47. Rb7+ Ke8 48. Rb8+ Kf7 49. Kc5 Rc1+ 50. Kb5 Be2+ 51. Ka5
Nc6+ 52. Kb6 Nxb8 53. b4 Nd7+ 54. Ka5 Ra1# 0-1

[Event "NW Regional Scholastic Championships"]
[Site "Chess.com"]
[Date "2020.05.16"]
[Round "?"]
[White "exoticmagnet1"]
[Black "kyryl5"]
[Result "1-0"]
[WhiteElo "731"]
[BlackElo "455"]
[PlyCount "87"]
[EventDate "2020.??.??"]

1. e4 d5 2. exd5 Qxd5 3. Nc3 Qe6+ 4. Be2 Qc6 5. Nf3 Bg4 6. h3 Bxf3 7. Bxf3 Qe6+
8. Be2 Qc6 9. O-O Qd7 10. d3 Qd8 11. Be3 Nc6 12. Bf3 Na5 13. Qd2 Rb8 14. Rab1
b6 15. b3 a6 16. a3 Nc6 17. Bxc6+ Qd7 18. Bxd7+ Kxd7 19. a4 b5 20. axb5 axb5
21. Ne4 e6 22. Ng5 Ke7 23. Bc5+ Ke8 24. Qf4 Nh6 25. Bxf8 Kxf8 26. Qb4+ Ke8 27.
Rfe1 Kd7 28. Re4 Nf5 29. g4 Nd6 30. Rd4 Rb6 31. Nxf7 Rf8 32. Nxd6 cxd6 33. Ra1
e5 34. Rd5 Rf6 35. Rxb5 Rxb5 36. Qxb5+ Ke6 37. Ra6 Kf7 38. c4 g5 39. Qd5+ Kg7
40. Rxd6 Rxd6 41. Qxd6 h6 42. Qxe5+ Kg6 43. Qf5+ Kg7 44. c5 1-0

[Event "NW Regional Scholastic Championships"]
[Site "Chess.com"]
[Date "2020.05.16"]
[Round "?"]
[White "kyryl5"]
[Black "littleMr"]
[Result "0-1"]
[WhiteElo "481"]
[BlackElo "1050"]
[PlyCount "100"]
[EventDate "2020.??.??"]

1. d4 Nf6 2. Bg5 h6 3. Bxf6 exf6 4. Qd3 Be7 5. Qd1 Nc6 6. e3 O-O 7. Bb5 a6 8.
Bxc6 dxc6 9. e4 c5 10. dxc5 Qxd1+ 11. Kxd1 Bxc5 12. f3 Bd4 13. c3 Bxg1 14. Rxg1
Be6 15. f4 f5 16. exf5 Bxf5 17. g4 Be6 18. f5 Bd7 19. g5 hxg5 20. Rxg5 f6 21.
Rg6 Be8 22. Rg4 Bd7 23. Rf4 Be8 24. Rb4 Bh5+ 25. Kc2 b6 26. Rh4 Bf7 27. b4 Rae8
28. Kb2 Re2+ 29. Ka3 Rd8 30. h3 Rd1 31. c4 Ree1 32. c5 bxc5 33. bxc5 Rxb1 34.
Rxb1 Rxb1 35. Re4 Ra1 36. Re2 Bh5 37. Rd2 Rh1 38. Rd8+ Kf7 39. Rd7+ Kg8 40.
Rd8+ Kh7 41. Rd7 Rxh3+ 42. Ka4 Rh4+ 43. Ka5 Rh2 44. Rxc7 Rxa2+ 45. Kb6 a5 46.
Ra7 a4 47. Rxa4 Rxa4 48. c6 Rc4 49. c7 g6 50. c8=Q Rxc8 0-1

[Event "NW Regional Scholastic Championships"]
[Site "Chess.com"]
[Date "2020.05.16"]
[Round "?"]
[White "kyryl5"]
[Black "Sebastianbooks"]
[Result "0-1"]
[WhiteElo "481"]
[BlackElo "800"]
[PlyCount "54"]
[EventDate "2020.??.??"]

1. d4 e5 2. dxe5 Nc6 3. f4 Qh4+ 4. g3 Qe7 5. a3 d6 6. exd6 cxd6 7. e3 Bf5 8. g4
O-O-O 9. gxf5 d5 10. Bb5 d4 11. Bxc6 bxc6 12. Qe2 d3 13. cxd3 Qh4+ 14. Qf2
Qxf2+ 15. Kxf2 Rxd3 16. Nh3 Nf6 17. Ng5 Ng4+ 18. Kg3 Nxe3 19. Bxe3 Rxe3+ 20.
Kf2 Bc5 21. Nxf7 Rd3+ 22. Ke2 Re3+ 23. Kd2 Rhe8 24. b4 Re2+ 25. Kd3 R8e3+ 26.
Kc4 Rc2+ 27. Nc3 Rexc3# 0-1

[Event "NW Regional Scholastic Championships"]
[Site "Chess.com"]
[Date "2020.05.16"]
[Round "?"]
[White "thedarknist"]
[Black "kyryl5"]
[Result "1/2-1/2"]
[WhiteElo "800"]
[BlackElo "481"]
[PlyCount "175"]
[EventDate "2020.??.??"]

1. e4 d5 2. Nc3 dxe4 3. Nxe4 Bf5 4. Nc3 e6 5. d4 Bb4 6. Bb5+ c6 7. Bc4 b5 8.
Bb3 a5 9. a3 a4 10. axb4 Nd7 11. h3 axb3 12. Rxa8 Qxa8 13. Bg5 f6 14. Bf4 e5
15. dxe5 c5 16. bxc5 Qxg2 17. Nf3 Qxh1+ 18. Ke2 Qxd1+ 19. Kxd1 Bxc2+ 20. Kd2 b4
21. Nb5 Ke7 22. c6 Kd8 23. cxd7 Kxd7 24. exf6 gxf6 25. Nfd4 Bg6 26. Nxb3 Bf7
27. Nc5+ Kc6 28. Nd4+ Kxc5 29. Nc2 Bb3 30. Be3+ Kb5 31. Nd4+ Ka4 32. Kc1 Bc4
33. Bd2 b3 34. Bc3 Nh6 35. Ne2 Bxe2 36. Bxf6 Rf8 37. Bg7 Rc8+ 38. Kd2 Rd8+ 39.
Kxe2 Rc8 40. Bxh6 Rc2+ 41. Kd3 Rxb2 42. Bg7 Rxf2 43. Ke3 Ra2 44. Kd3 b2 45.
Bxb2 Rxb2 46. Kc3 Rb3+ 47. Kc4 Rxh3 48. Kd4 h5 49. Ke4 h4 50. Kf4 Rh1 51. Kg4
h3 52. Kg3 h2 53. Kh3 Kb3 54. Kg2 Ra1 55. Kxh2 Ra2+ 56. Kg3 Ra3 57. Kf3 Kb4+
58. Ke4 Ra4 59. Kd4 Kb3+ 60. Kc5 Ra5+ 61. Kb6 Ka4 62. Kb7 Rb5+ 63. Kc6 Kb4 64.
Kd6 Kc4 65. Kc6 Rc5+ 66. Kd6 Rd5+ 67. Ke6 Kd4 68. Kf6 Ke4 69. Ke6 Re5+ 70. Kd6
Kd4 71. Kc6 Rc5+ 72. Kd6 Rd5+ 73. Ke6 Re5+ 74. Kd6 Rh5 75. Ke6 Rh6+ 76. Kf5
Rh5+ 77. Ke6 Rh6+ 78. Kf5 Kd5 79. Kg5 Re6 80. Kf5 Re5+ 81. Kf4 Re4+ 82. Kf5
Re5+ 83. Kf4 Kd4 84. Kf3 Re3+ 85. Kf4 Re4+ 86. Kf5 Re5+ 87. Kf4 Kd3 88. Kxe5
1/2-1/2

[Event "NW Regional Scholastic Championships"]
[Site "Chess.com"]
[Date "2020.05.16"]
[Round "?"]
[White "softflakyegg"]
[Black "aeaa15"]
[Result "0-1"]
[WhiteElo "800"]
[BlackElo "1242"]
[PlyCount "48"]
[EventDate "2020.??.??"]

1. e4 c5 2. Nf3 Nc6 3. Nc3 g6 4. Bb5 Bg7 5. d3 Nf6 6. Bg5 O-O 7. Bxf6 Bxf6 8.
O-O d6 9. Bxc6 bxc6 10. Qe2 Be6 11. b4 cxb4 12. Qd2 Bxc3 13. Qg5 f6 14. Qh6
Bxa1 15. Rxa1 Qe8 16. d4 c5 17. e5 dxe5 18. dxe5 fxe5 19. Ng5 Rf7 20. Nxf7 Qxf7
21. Re1 Bxa2 22. Rxe5 Rd8 23. Qg5 Rd1+ 24. Re1 Rxe1# 0-1

[Event "NW Regional Scholastic Championships"]
[Site "Chess.com"]
[Date "2020.05.16"]
[Round "?"]
[White "Playdohqueen"]
[Black "softflakyegg"]
[Result "1-0"]
[WhiteElo "1111"]
[BlackElo "800"]
[PlyCount "58"]
[EventDate "2020.??.??"]

1. e4 e5 2. Nf3 Nc6 3. Bc4 Nf6 4. d3 Bc5 5. Bg5 d6 6. h3 O-O 7. c3 h6 8. Bh4 b6
9. O-O Be6 10. Bb3 Bxb3 11. Qxb3 g5 12. Bg3 d5 13. Nbd2 dxe4 14. dxe4 g4 15.
hxg4 Nxg4 16. Bh4 Qd7 17. Rfd1 Bxf2+ 18. Bxf2 Nxf2 19. Kxf2 Qg4 20. Rh1 h5 21.
Rh4 Qg6 22. Nc4 f5 23. Ncxe5+ Rf7 24. Nxg6 fxe4 25. Rxh5 exf3 26. Rh8+ Kg7 27.
Rxa8 Kxg6 28. Qe6+ Rf6 29. Qe8+ Rf7 1-0

[Event "NW Regional Scholastic Championships"]
[Site "Chess.com"]
[Date "2020.05.16"]
[Round "?"]
[White "softflakyegg"]
[Black "Kaysangodman"]
[Result "1/2-1/2"]
[WhiteElo "800"]
[BlackElo "1200"]
[PlyCount "102"]
[EventDate "2020.??.??"]

1. e4 e5 2. Nf3 Nc6 3. Nc3 Nf6 4. Bb5 Bc5 5. Bxc6 dxc6 6. Nxe5 Qd5 7. Nd3 Qd8
8. Nxc5 Qe7 9. d4 b6 10. Nd3 Nxe4 11. Nxe4 Qxe4+ 12. Qe2 Qxe2+ 13. Kxe2 Bg4+
14. f3 Bf5 15. b3 O-O-O 16. Bf4 Rhe8+ 17. Be3 Bg6 18. Rad1 f5 19. f4 c5 20. Ne5
cxd4 21. Bxd4 c5 22. Bc3 Rxd1 23. Rxd1 b5 24. Kd3 Rd8+ 25. Ke2 b4 26. Rxd8+
Kxd8 27. Nxg6 hxg6 28. Bxg7 Ke7 29. Kd2 Kf7 30. Bb2 a5 31. c3 bxc3+ 32. Bxc3
Ke6 33. Bxa5 Kd5 34. b4 cxb4 35. Bxb4 Kc4 36. Be7 Kd4 37. a4 Kd5 38. a5 Kc6 39.
a6 Kb6 40. h4 Kxa6 41. Ke2 Kb6 42. Kf3 Kc6 43. g4 fxg4+ 44. Kxg4 Kd7 45. Bg5
Ke6 46. h5 gxh5+ 47. Kxh5 Kf7 48. f5 Kg7 49. f6+ Kh8 50. f7 Kg7 51. Bf6+ Kxf7
1/2-1/2

[Event "NW Regional Scholastic Championships"]
[Site "Chess.com"]
[Date "2020.05.16"]
[Round "?"]
[White "tattvache"]
[Black "softflakyegg"]
[Result "1-0"]
[WhiteElo "989"]
[BlackElo "800"]
[PlyCount "105"]
[EventDate "2020.??.??"]

1. e4 e5 2. Nf3 Nc6 3. Bc4 Nf6 4. Nc3 Bc5 5. d3 Ng4 6. O-O d6 7. Ng5 O-O 8. Nf3
Be6 9. Bxe6 fxe6 10. a3 Qf6 11. b4 Bd4 12. Nxd4 Nxd4 13. Qxg4 Nxc2 14. Rb1 Nd4
15. Be3 Nc2 16. Bg5 Qf7 17. Rbc1 Nxa3 18. b5 a6 19. bxa6 Rxa6 20. h3 d5 21.
exd5 exd5 22. Bh6 g6 23. Bxf8 Qxf8 24. Nxd5 c6 25. Qe6+ Qf7 26. Qxf7+ Kxf7 27.
Ne3 b6 28. Rxc6 Nb5 29. Nc4 Nd4 30. Rxb6 Rxb6 31. Nxb6 Ne2+ 32. Kh1 Kf6 33.
Nd5+ Kf5 34. Ne3+ Kf4 35. Nd5+ Kf5 36. g4+ Kg5 37. Re1 Nd4 38. Rxe5+ Kh4 39.
Re4 Nf3 40. Kg2 Ne1+ 41. Rxe1 g5 42. Re6 h5 43. gxh5 Kxh5 44. Re4 g4 45. Rxg4
Kh6 46. Kf3 Kh5 47. Kf4 Kh6 48. Kf5 Kh5 49. Rg8 Kh6 50. h4 Kh7 51. Rg1 Kh6 52.
h5 Kxh5 53. Rh1# 1-0